1872 1879 1199 1867 1995 1401 1968 1537 1244 1259 1288 1481 1877 1120 1532 1754 1880 1260 1362 1505 1415 1753 1855 1396 1583 1886 1321 1981 1183 1635 1317 1118 1021 1276 1506 1740 1687 1304 1782 1640 1356 1236 1894 1877 1317 1792 1901 1832 1288 1304 1888 1715 1537 1115 1720 1684 1281 1755 1137 1251 1142 1089 1953 1965 1028 1034 1313 1491 1770 1170 1362 1566 1775 1819 1952 1366 1111 1137 1376 1305 1371 1320 1089 1535 1418 1348 1559 1424 1234 1246 1311 1281 1067 1487 1521 1848 1131 1576 1980 BCNSPRNW ULIB Ver.6.0+V

เปลี่ยนเป็นภาษาไทย

Change to English
 แสดงรายละเอียดบรรณานุกรม
  กลับหน้าหลัก

Brief Record : Get Marc (ISO 2709) : E-mail record : QR code < ปิดหน้าต่าง
LEADER : 00000nam 2200000uu 4500
001    13399109631
003     ULIB
008    110407s2552||||th 000 0 tha d
020    9786169039716
041 0  tha^hchi
060 04 WB537^bว273ค 2552
245 00 คู่มือกดจุด 174 จุดหยุดป่วยตามหลักแพทย์จีน /^cวรรธนะมโนภินิเวศ, แปลและเรียบเรียง ; ปาลิไลยก์ ศรีวิศาล, บรรณาธิการ
250    พิมพ์ครั้งที่ 5
260    กรุงเทพฯ :^bขุนเขา,^c2552
300    79 หน้า ;^c21 ซม.
440  0 หนังสือหมอประจำตัว
650  7 การกดจุด
650  7 การนวด
700 0   วรรธนะ มโนภินิเวศ, แปลและเรียบเรียง
700 0  ปาลิไลยก์ ศรีวิศาล,^eบรรณาธิการ
945    ^p130^l0^i028906
945    ^p130^l0^i028451
945    ^p130^l0^i028907
995    ทศพร
999 ^a ใช้งานได้ทุกระบบ
รายการนี้ยังไม่มีแท็ก
คุณยังไม่ได้ล็อกอิน คุณสามารถมีกิจกรรมร่วมกับเว็บไซต์ได้ แต่ต้องล็อกอินก่อน ::
  ล็อกอิน

รายการสื่อสารสนเทศ

ลำดับที่ ประเภท เลขเรียก/บาร์โค้ด สถานที่ สถานะ
- ไม่พบข้อมูล -

รายการใกล้เคียง
    หัวเรื่อง [การกดจุด]
    หัวเรื่อง [การนวด]

BibComment


ยังไม่เคยถูกคอมเมนท์

คอมเมนท์ทรัพยากรรายการนี้
  คอมเมนท์: คู่มือกดจุด 174 จ..


 Copyright 2026. Bcnsprnw @Library